| 000 | 00555nam a2200193 i 4500 | ||
|---|---|---|---|
| 001 | 97320 | ||
| 003 | ES-MaACL | ||
| 005 | 20250710062726.0 | ||
| 007 | t| | ||
| 008 | 050711s1958 fr ||||1| fre d | ||
| 100 | 1 |
_aMarc, Alfred. _976344 |
|
| 245 | 1 | 2 |
_aL'Evolution des prix depuis cent ans / _cpar Alfred Marc. |
| 260 |
_aParis : _bPresses Universitaires de France, _c1958. |
||
| 300 |
_a127 p. ; _c18 cm. |
||
| 490 | 1 |
_aQue sais-je? ; _v784 |
|
| 830 | 0 | 0 |
_aQue sais-je? _v784 _9180931 |
| 852 |
_aES-MaACL _jC-15650 _bR.43287 |
||
| 999 |
_c97320 _d97320 |
||